000 01214cam a2200289Ia 4500
001 laceii00conr
003 CaSfIA
005 20210118162713.0
007 cr||||
008 850520s1985 nyu 000 1 eng d
040 _aPCB
_cPCB
_dKZG
_dIHI
_dOCLCQ
_dAAA
_dCaSfIA
019 _a28589626
035 _a(OCoLC)12055276
_z(OCoLC)28589626
050 1 4 _aPR6053.O512
_bL32 1985
092 _aFic
_bC754La, 1985
100 1 _aConran, Shirley.
245 1 0 _aLace II /
_h[electronic resource]
_cby Shirley Conran.
250 _aBook club ed.
260 _aNew York :
_bPocket Books,
_cc1985.
300 _a277 p. ;
_c22 cm.
655 7 _aLove stories.
_2gsafd
856 4 1 _uhttp://www.archive.org/details/laceii00conr
_zFree eBook from the Internet Archive
856 4 2 _uhttp://www.openlibrary.org/books/OL24381083M
_zAdditional information and access via Open Library
942 _cEB
506 _fНеобхідна авторизація на https://archive.org/ (створення облікового запису безкоштовно)
506 _fНеобхідна авторизація на https://openlibrary.org/ (створення облікового запису безкоштовно)
999 _c516516
_d516516